00354nam a22001337a 4500082002600000100001800026245003700044250001100081260004800092300001700140526003700157650000800194700001800202 a516.3bLOVcL-25, P-2 aLove, Clyde E aAnalytic GeometrycLove, Clyde E a3rd ed aToronto CanadabThe Macmillan companyc1938 axiv, 279 p,: a0b0c0d516_300000000000000_LOV aMCE aLove, Clyde E